A. E. Hotchner, Papa Hemingway, R. Piper Verlag

Bibliographic Details
Main Author: (PA) (Author)
Format: Article
Language:Slovak

MARC

LEADER 00000nab a2200000uu 4500
001 vtls010915479
003 SK-MaSNL
005 20260303150527.0
008 230222|1968 xo |||||||||||||||||slo|
015 |a SNBRB 
035 |a (urnnbn)urn:nbn:sk:snk:ar-a09dji 
035 |a (uuid)443b6a6d-707f-443f-9db0-6fedace148ff 
035 |a urn:nbn:sk:snk-ab93re 
040 |a SNKBUCL  |b slo  |c SNKBUCL  |e AACR2 
041 0 |a slo 
044 |a xo  |c SK 
100 1 |a (PA)  |4 aut  |9 890855 
245 1 0 |a A. E. Hotchner, Papa Hemingway, R. Piper Verlag  |c (Pa{Rpara} 
773 0 |t Slovenské divadlo : revue dramatických umení  |g Roč. 16, č. 1 (1968), s. 139-140 
954 |a odborná, vedecká literatúra pôvodná (slovenská)  |2 lita 
958 |a OND 
958 |a EUIPO 
958 |a article10 
999 |c 2011349  |d 2013279